000 01451cab a2200493 4500
001 ABS52159
008 090401t1995 xxu||||| |||| 00| 0 eng d
035 _a(Sirsi) u64073
041 _aeng
110 _aGardiner and Theobald
_9719
245 _aEuropean costings
260 _c1995
350 _a0
490 _aBuilding
_v260(7877) 27 January 1995, 52-54(3)
520 _aComprehensive guide to building costs in 13 European countries which gives key data on inflation, exchange rates, labour rates and material prices. Also gives a summary of realistic cost ranges for eight types of building, given in local currency and pounds sterling.
650 _aBUILT ENVIRONMENT-BUILDING COSTS
650 _aBUILT ENVIRONMENT-BUILDING MATERIALS
650 _aCONSTRUCTION COSTS
650 _aCZECH REPUBLIC
650 _aEASTERN EUROPE
650 _aEIRE
650 _aEUROPE
650 _aFACTORIES
650 _aFRANCE
650 _aGERMANY
650 _aHOTELS
650 _aHUNGARY
650 _aINDUSTRIAL BUILDINGS
650 _aITALY
650 _aLABOUR RATES
650 _aLUXEMBOURG
650 _aNETHERLANDS
650 _aOFFICES
650 _aPOLAND
650 _aPORTUGAL
650 _aSHOPPING CENTRES
650 _aSPAIN
650 _aSWEDEN
650 _aWAREHOUSES
690 _aBUILT ENVIRONMENT-BUILDING COSTS
690 _aOVERSEAS-EUROPE
942 _n0
948 _c04/03/1997
999 _c39882
_d39882